000 nam a22 7a 4500
999 _c9596
_d9596
008 180205b ||||| |||| 00| 0 eng d
100 _aSarin, S
_92306
245 _aPowers of Knowledge -VII
260 _aNew Delhi
_bAngel International Publication
_c2005